1980's Song Titles: Picture Clues - Statistics

General Stats
  • This quiz has been taken 380 times
  • The average score is 10 of 20
Answer Stats
Picture Hint Answer % Correct
Survivor Eye Of The Tiger
98%
Van Halen Jump
92%
Toni Basil Mickey
92%
Duran Duran Rio
77%
Tracy Chapman Fast Car
72%
Kenny Rogers and Dolly Parton Islands In The Stream
65%
Michael Jackson Thriller
63%
Blondie Atomic
60%
Human League The Lebanon
52%
REM Orange Crush
44%
The Cure The Caterpillar
44%
Level 42 Hot Water
39%
Talking Heads (1983 single) Burning Down The House
38%
Psychedelic Furs Pretty In Pink
33%
Siouxsie and the Banshees Israel
32%
Sister Sledge Frankie
31%
Queen Flash
23%
Sting Englishman In New York
21%
Landscape Einstein A Go Go
17%
Adam and the Ants Car Trouble
7%
No matching quizzes found
Score Distribution
Percent of People with Each Score
Percentile by Number Answered
Your Score History
You have not taken this quiz